000 00860nam a2200265Ia 4500
003 OSt
005 20220923223408.0
006 a|||||r|||| 00| 0
007 ta
008 220922b |||||||| |||| 00| 0 hin d
024 _a214,762
037 _cTextual
040 _aARTS
_cARTS
_bhin
041 _2hin
_ahin
082 _aO152,3N10x, L6
100 _aअश्क, उपेन्द्र नाथ
_9157432
245 0 _aमेरी कहानियॉं
246 _aMerī kahāniyaॉan
250 _aसंस्क0 3
260 _aदिल्ली
_b राजपाल एंड सन्ज
_c1976
300 _a135 पृ.
_ccm.
650 _aहिन्दी साहित्य
_9156264
942 _hO152,3N10x, L6
_cTEXL
_2CC
999 _c364676
_d364676